Επίγνωσις (1896-1996) και Ιωάννης Γ. Αρνέλλος
Αποθηκεύτηκε σε:
| Κύριος συγγραφέας: | |
|---|---|
| Μορφή: | Βιβλίο |
| Γλώσσα: | Greek |
| Δημοσίευση: |
Αθήναι :
Εκδόσεις Επεγνωσμένου Χριστιανισμού,
1996.
|
| Θέματα: | |
| Ετικέτες: |
Προσθήκη ετικέτας
Δεν υπάρχουν, Καταχωρήστε ετικέτα πρώτοι!
|
MARC
| LEADER | 00000cam a2200000 i 4500 | ||
|---|---|---|---|
| 001 | 1/9448 | ||
| 008 | 970228s1996 gr | || |||| | gre|| | ||
| 035 | |l 10017477 | ||
| 040 | |a GR-MyUa |b gre |e AACR2 | ||
| 041 | 0 | |a gre | |
| 082 | 7 | |a 230 |2 (22) | |
| 100 | 1 | |a Καφαντάρης, Χρυσόστομος Α. | |
| 245 | 1 | 0 | |a Επίγνωσις (1896-1996) και Ιωάννης Γ. Αρνέλλος / |c Χρυσοστόμου Α. Καφαντάρη. |
| 260 | |a Αθήναι : |b Εκδόσεις Επεγνωσμένου Χριστιανισμού, |c 1996. | ||
| 300 | |a 235 σ. | ||
| 610 | 2 | 0 | |a Orthodox Eastern Church. |
| 650 | 0 | |a Theology, Eastern Church. | |
| 852 | |a INST |b LESVOS |e 19970228 |h 230 ΚΑΦ |p 005100011927 |q 005100011927 |t BK |y 0 | ||
| 970 | |z 2000/05/ΟΙΚΟΝΟΜΟΠΟΥΛΟΥ ΧΡΙΣΤΙΝΑ | ||